| 000 | 00393nam a2200169Ia 4500 | ||
|---|---|---|---|
| 005 | 20250423100156.0 | ||
| 008 | 250422s9999 xx 000 0 und d | ||
| 020 | _a818448321x | ||
| 050 | _aRG 531 .M43/ | ||
| 245 | 0 | _aMedicolegal aspects in obstetric sand gynecology | |
| 250 | _a2nd ed | ||
| 260 | _aNew Delhi | ||
| 260 | _bJaypee | ||
| 260 | _c2008 | ||
| 300 | _a508 p | ||
| 942 | _cBK | ||
| 999 |
_c32506 _d32506 |
||